[Event "Berlin-ch Seniors op 27th"]
[Site "Berlin"]
[Date "2011.02.06"]
[Round "9"]
[White "Platow, Gerd"]
[Black "Jendrossek, Hans"]
[Result "1/2-1/2"]
[WhiteElo "1432"]
[BlackElo "1702"]
[PlyCount "56"]
[EventDate "2011.01.29"]
[EventType "swiss"]
[EventRounds "9"]
[EventCountry "GER"]
[SourceTitle "EXT 2012"]
[Source "ChessBase"]
[SourceDate "2011.11.24"]
[SourceVersion "1"]
[SourceVersionDate "2011.11.24"]
[SourceQuality "1"]

1. e4 e5 2. Nf3 Nc6 3. Be2 Nf6 4. d3 h6 5. Nc3 Bc5 6. 0-0 0-0 7. a3 d5 8. Nxd5 Nxd5 9. exd5 Qxd5 10. Be3 Bf5 11. Nd2 Rad8 12. Bf3 Qd6 13. Ne4 Bxe4 14. Bxe4 Nd4 15. b4 Bb6 16. Bxb7 c5 17. c3 Nf5 18. Be4 Nxe3 19. fxe3 cxb4 20. axb4 Bxe3+ 21. Kh1 Qc7 22. Qb3 Bd2 23. c4 Qb6 24. b5 Qd4 25. Ra2 Be3 26. Qd1 Qd7 27. Qh5 g6 28. Qxe5 Bd4 1/2-1/2

[Event "Berlin-ch Seniors op 27th"]
[Site "Berlin"]
[Date "2011.02.05"]
[Round "8"]
[White "Jendrossek, Hans"]
[Black "Treskow, Anatol"]
[Result "0-1"]
[WhiteElo "1702"]
[BlackElo "1825"]
[PlyCount "86"]
[EventDate "2011.01.29"]
[EventType "swiss"]
[EventRounds "9"]
[EventCountry "GER"]
[SourceTitle "EXT 2012"]
[Source "ChessBase"]
[SourceDate "2011.11.24"]
[SourceVersion "1"]
[SourceVersionDate "2011.11.24"]
[SourceQuality "1"]

1. d4 Nf6 2. c4 e6 3. Nc3 d5 4. Bg5 Be7 5. Nf3 c6 6. e3 a6 7. Qc2 Nbd7 8. Rc1 0-0 9. a3 Re8 10. Be2 dxc4 11. Bxc4 b5 12. Be2 Bb7 13. 0-0 Rc8 14. Rfd1 Qb6 15. b4 a5 16. Qb2 Nd5 17. Nxd5 exd5 18. Bxe7 Rxe7 19. Rc3 f6 20. Rdc1 Qd8 21. Qc2 Nb6 22. bxa5 Na4 23. Rb3 Qxa5 24. Qf5 Rf8 25. Bd3 g6 26. Qf4 Qd8 27. Rb4 Qd7 28. Bc2 Nc3 29. Bd3 Na2 30. Rcb1 Nxb4 31. axb4 Qc7 32. Qh4 Qd6 33. g4 Bc8 34. Kh1 Ra7 35. Bc2 Qe6 36. h3 Qd6 37. Qh6 Qe7 38. Nh4 Qg7 39. Qf4 g5 40. Nf5 gxf4 41. Nxg7 Kxg7 42. exf4 Re8 43. Kg2 Re2 0-1

[Event "Berlin-ch Seniors op 27th"]
[Site "Berlin"]
[Date "2011.01.30"]
[Round "2"]
[White "Jendrossek, Hans"]
[Black "Fiedler, Wolfgang2222"]
[Result "0-1"]
[WhiteElo "1702"]
[BlackElo "1868"]
[PlyCount "74"]
[EventDate "2011.01.29"]
[EventType "swiss"]
[EventRounds "9"]
[EventCountry "GER"]
[SourceTitle "EXT 2012"]
[Source "ChessBase"]
[SourceDate "2011.11.24"]
[SourceVersion "1"]
[SourceVersionDate "2011.11.24"]
[SourceQuality "1"]

1. d4 d5 2. c4 Nc6 3. cxd5 Qxd5 4. e3 e5 5. Nc3 Bb4 6. Bd2 Bxc3 7. bxc3 exd4 8. cxd4 Nge7 9. Nf3 0-0 10. Be2 Bf5 11. 0-0 Be4 12. Qa4 Qh5 13. Rac1 Rad8 14. Rc5 Rd5 15. Rfc1 Rfd8 16. Bd1 Qg4 17. Ne1 Qd7 18. Bb3 Rxc5 19. Rxc5 b6 20. Rc1 Bd5 21. Nd3 Bxb3 22. axb3 a5 23. Bc3 Qf5 24. Ne1 b5 25. Qa1 b4 26. Bb2 Qd5 27. Rc5 Qxb3 28. d5 Rxd5 29. Rxd5 Nxd5 30. Bxg7 Nc3 31. Bh6 Qd1 32. Qxd1 Nxd1 33. Bf4 b3 34. Nf3 b2 35. Nd2 a4 36. Nb1 Nc3 37. Nxc3 a3 0-1

[Event "GER-ch Seniors 22nd"]
[Site "Berlin"]
[Date "2010.08.18"]
[Round "3"]
[White "Wuensch, Ulrich"]
[Black "Jendrossek, Hans"]
[Result "1-0"]
[WhiteElo "1985"]
[BlackElo "1748"]
[PlyCount "50"]
[EventDate "2010.08.16"]
[EventType "swiss"]
[EventRounds "9"]
[EventCountry "GER"]
[SourceTitle "CBM 138 Extra"]
[Source "ChessBase"]
[SourceDate "2010.10.29"]
[SourceVersion "1"]
[SourceVersionDate "2010.10.29"]
[SourceQuality "1"]

1. d4 d5 2. Nf3 Nf6 3. e3 c6 4. Bd3 Bg4 5. 0-0 Nbd7 6. Nbd2 e5 7. dxe5 Nxe5 8. Be2 Nxf3+ 9. Nxf3 Qc7 10. b3 Bd6 11. h3 Bh5 12. Bb2 Ne4 13. c4 0-0 14. cxd5 Rad8 15. Rc1 Qb8 16. Qd4 Nf6 17. Qh4 Bxf3 18. Bxf6 gxf6 19. Bxf3 cxd5 20. Qxf6 Be5 21. Qf5 Kh8 22. Rfd1 Rg8 23. Rxd5 Rde8 24. Rd7 Rg6 25. Rxb7 Qd6 1-0